000 00200 a2200097 4500
001 47984
100 _aJaffary
245 _aUswa-i-Ali
260 _aKarachi
_bAftab academy
_c
090 _c30974
_d30974
942 _aNUST-CAE
_cM
_c23307
999 _c283057
_d283057